| 000 | 00819nac a22002657a 4500 | ||
|---|---|---|---|
| 001 | BR9500467 | ||
| 003 | BR-BrBNA | ||
| 005 | 20240105121623.0 | ||
| 008 | 230509b bl.|||m| |||| 00| 0 por d | ||
| 040 |
_aBR-BrBNA _bpor _cBiblioteca Nacional de Agricultura |
||
| 072 | _aH60 | ||
| 090 | _a1910 BR9500467 | ||
| 100 | 1 | _aRassini, J.B. | |
| 110 | 1 |
_aCentro de Pesquisa de Pecuaria do Sudeste, Sao Carlos, SP (Brasil) _91603 |
|
| 245 | 1 | _aInvasoras em pastagens | |
| 260 | 3 |
_aSao Carlos, SP (Brasil): _c1993. |
|
| 300 | _a32 p. | ||
| 490 |
_aCircular Tecnica - Centro de Pesquisa de Pecuaria do Sudeste (Brazil) _vno. 4 _xISSN 0102-2520 |
||
| 500 | _a23 ref. | ||
| 650 | _aPastagem | ||
| 650 | _aErva Daninha | ||
| 650 | _aToxidez | ||
| 909 |
_a202312 _bLúcia Elande _c55 _dLúcia Elande |
||
| 942 |
_2AGRIS _n0 _cMS |
||
| 999 |
_c286394 _d286394 |
||